000 00659nam a22001817a 4500
003 BD-DhUL
005 20161117100351.0
008 161117s1971 ii |||| |||| 000 0 eng d
040 _aBD-DhUL
_cBD-DhUL
082 _a891.446
_bMUK
100 1 _aআলী, সৈয়দ মুজতবা
245 1 0 _aকত না অশ্রুজল /
_cসৈয়দ মুজতবা আলী
260 _aকলিকাতা :
_bবিশ্ববাণী প্রকাশনী,
_c১৯৭১।
300 _a২৭১ পৃ. ;
_c২১ সেমি.
650 _aবাংলা চিঠি।
650 _aBengali letter.
942 _2ddc
_cBK
999 _c124854
_d124854